Včera jsem byl u muziky-- nejstarší jihočeská dechovka

Korporativní autor: Babouci (hudební skupina)
Další autoři: Kubeš, Ladislav, 1924-1998
Jazyk: Čeština
Vydáno: Praha : Kubešovo hudební vydavatelství, p2007
Témata:
Fyzický popis: 1 zvuková deska (58:58) : digital ; 12 cm
Zvukové nahrávky
Uloženo v:
LEADER 01639njm a2200397 a 4500
001 000927872
003 CZ BrMZK
005 20090209091856.0
007 sd fsngnnmmned
008 090123s2007 xr dfn g cze d
024 3 |a 8594020231930 
028 3 1 |a 492044-2  |b Kubešovo hudební vydavatelství 
040 |a BOA001  |b cze 
048 |a of01 
072 7 |a 784  |x Vokální hudba  |2 Konspekt  |9 9 
080 |a 785.12  |2 MRF 
080 |a 784.9.085.2  |2 MRF 
080 |a (086.76  |2 MRF 
110 2 |a Babouci (hudební skupina)  |7 ko2002159713 
245 1 0 |a Včera jsem byl u muziky--  |h [zvukový záznam] :  |b nejstarší jihočeská dechovka 
260 |a Praha :  |b Kubešovo hudební vydavatelství,  |c p2007 
300 |a 1 zvuková deska (58:58) :  |b digital ;  |c 12 cm 
306 |a 005858 
500 |a Kompaktní deska (DDD) 
505 0 0 |t V májovém měsíci --  |t Já jsem ten zajíček --  |t Na první mé spatření --  |t Lipnická polka --  |t Boršovskej pan farář --  |t Teče voda --  |t Namluvil jsem si --  |t Kdyby byl Bavorov --  |t Mám já hrdličku --  |t Když jsem šel v Praze po rynku --  |t Včera jsem byl u muziky 
511 0 |a Babouci 
518 |a Nahráno ve studiu Fikus Praha 
650 0 7 |a dechová hudba (dechový orchestr)  |7 ph315352  |2 czenas 
650 0 7 |a polky (dechový orchestr)  |7 ph451021  |2 czenas 
650 0 4 |a valčíky (dechový orchestr) 
655 7 |a kompaktní desky  |7 fd201991  |2 czenas 
700 1 |a Kubeš, Ladislav,  |d 1924-1998  |7 jo2003183953  |4 cmp 
910 |a BOA001  |b CD-0015.030 
990 |a AV 
991 |b 200902 
996 6 |b 261H016691  |c CD-0015.030  |l MZK  |r Sklad / do 24 hodin  |n 0  |w 000927872  |u 000010  |a 1  |e BOA001  |j MZK50  |s P